Seven Hills of Rome Quiz Stats

 Plays Quiz Updated Feb 18, 2020

Support Sporcle.
Go Orange.
Score 0/7 Timer 02:00
0 Plays Today
% Correct
Palatine Hill
82.5%
Capitoline Hill
76%
Aventine Hill
57.6%
Quirinal Hill
47.8%
Esquiline Hill
45.6%
Viminal Hill
38.7%
Caelian Hill
36%

From the Vault

Famous Faces (Badly Drawn)

by lt2009

Some might think this quiz is sketchy, but somehow we just felt drawn to it.
Remove Ads.
Support Sporcle.
Get the best of Sporcle when you Go Orange. This ad-free experience offers more features, more stats, and more fun while also helping to support Sporcle. Thank you for becoming a member.

Show Comments

Extras

Top Quizzes Today


Score Distribution

Your Account Isn't Verified!

In order to create a playlist on Sporcle, you need to verify the email address you used during registration. Go to your Sporcle Settings to finish the process.

Report this User

Report this user for behavior that violates our Community Guidelines.

Details: